[Event "BPB Limburg open B"]
[Site "Maastricht"]
[Date "2015.05.23"]
[Round "2"]
[White "Mestrom, Ton"]
[Black "Meul, Willi"]
[Result "0-1"]
[WhiteElo "1729"]
[BlackElo "1831"]
[PlyCount "66"]
[EventDate "2015.05.22"]
[EventType "swiss"]
[EventRounds "7"]
[EventCountry "NED"]
[Source "P.Boonen"]
[SourceDate "2015.10.01"]

1. d4 Nf6 2. c4 g6 3. Nc3 d5 4. Nf3 Bg7 5. Bg5 c6 6. e3 O-O 7. h4 Nbd7 8. Qc2
dxc4 9. Bxc4 Nb6 10. Bxf6 Bxf6 11. Bd3 Nd5 12. Nxd5 Qxd5 13. h5 Qa5+ 14. Ke2
Kg7 15. hxg6 hxg6 16. a3 Bg4 17. b4 Qd5 18. Be4 Qb5+ 19. Bd3 Qd5 20. a4 e5 21.
Be4 Qd6 22. Qc5 Qxc5 23. dxc5 Be7 24. Kd2 Rad8+ 25. Kc3 Bxf3 26. Bxf3 e4 27.
Bxe4 Bf6+ 28. Kc4 Bxa1 29. Rxa1 f5 30. Bd3 a6 31. Ra3 Rd7 32. Rb3 Rfd8 33. b5
axb5+ 0-1

[Event "BPB Limburg open B"]
[Site "Maastricht"]
[Date "2015.05.23"]
[Round "2"]
[White "Mitran, Anthony Cristian"]
[Black "Reichardt, Gert"]
[Result "1/2-1/2"]
[WhiteElo "1870"]
[BlackElo "2007"]
[PlyCount "65"]
[EventDate "2015.05.22"]
[EventType "swiss"]
[EventRounds "7"]
[EventCountry "NED"]
[Source "P.Boonen"]
[SourceDate "2015.10.01"]

1. d4 d5 2. c4 dxc4 3. e3 Nf6 4. Bxc4 e6 5. Nf3 Nc6 6. O-O Be7 7. Nc3 O-O 8. b3
a6 9. Bb2 b5 10. Bd3 Bb7 11. Ne4 Nb4 12. Nxf6+ Bxf6 13. Bb1 c5 14. a3 Nc6 15.
Qc2 g6 16. dxc5 b4 17. Rd1 Qe7 18. Nd4 Nxd4 19. Bxd4 bxa3 20. Bxf6 Qxf6 21.
Rxa3 Rfc8 22. b4 Qg5 23. f4 Qe7 24. Rc3 Bc6 25. Qe2 Qb7 26. Rd4 a5 27. Rb3 Bd5
28. Rb2 a4 29. Ba2 Be4 30. Qc4 a3 31. Rbd2 Bd5 32. Qc3 Bc6 33. Qb3 1/2-1/2

[Event "BPB Limburg open B"]
[Site "Maastricht"]
[Date "2015.05.23"]
[Round "2"]
[White "Mossin, Ivar Alexander"]
[Black "Mienis, Dennis"]
[Result "1-0"]
[WhiteElo "1757"]
[BlackElo "1880"]
[PlyCount "40"]
[EventDate "2015.05.22"]
[EventType "swiss"]
[EventRounds "7"]
[EventCountry "NED"]
[Source "P.Boonen"]
[SourceDate "2015.10.01"]

1. e4 c6 2. Nc3 d5 3. Nf3 Bg4 4. h3 Bxf3 5. Qxf3 e6 6. e5 Ne7 7. d4 c5 8. Ne2
Nbc6 9. dxc5 Ng6 10. Qc3 Ngxe5 11. Bf4 Nd7 12. b4 Be7 13. Rb1 O-O 14. Ng3 a6
15. Bd3 b6 16. cxb6 Qxb6 17. a3 Rac8 18. Qb2 Nce5 19. Bxe5 Nxe5 20. Qxe5 Bd6
1-0

[Event "BPB Limburg open B"]
[Site "Maastricht"]
[Date "2015.05.23"]
[Round "2"]
[White "Oostvogels, Niek"]
[Black "Van den Bos, Frans Pieter"]
[Result "1/2-1/2"]
[WhiteElo "1888"]
[BlackElo "1959"]
[PlyCount "117"]
[EventDate "2015.05.22"]
[EventType "swiss"]
[EventRounds "7"]
[EventCountry "NED"]
[Source "P.Boonen"]
[SourceDate "2015.10.01"]

1. e4 e6 2. d4 d5 3. e5 c5 4. c3 Nc6 5. Nf3 Qb6 6. Bd3 cxd4 7. cxd4 Bd7 8. O-O
Nxd4 9. Nbd2 Nxf3+ 10. Nxf3 Bb5 11. Be3 Qa6 12. Bxb5+ Qxb5 13. b4 Qd7 14. Qb3
Ne7 15. Rac1 Nf5 16. Bd2 Be7 17. g4 Nh6 18. Bxh6 gxh6 19. Rc2 Rc8 20. Rxc8+
Qxc8 21. Qa4+ Kf8 22. Qxa7 Rg8 23. h3 h5 24. Qe3 hxg4 25. Qh6+ Rg7 26. hxg4 Kg8
27. Rc1 Rxg4+ 28. Kh2 Qf8 29. Qxf8+ Bxf8 30. a3 Rc4 31. Rg1+ Bg7 32. Kg2 Rg4+
33. Kf1 Rxg1+ 34. Kxg1 f6 35. Nd4 Kf7 36. Nb5 Ke7 37. Nd6 fxe5 38. Nxb7 e4 39.
b5 Bd4 40. a4 Kd7 41. Na5 Kc7 42. Nb3 e5 43. a5 e3 44. fxe3 Bxe3+ 45. Kf1 h5
46. Ke2 Bb6 47. axb6+ Kxb6 48. Ke3 Kxb5 49. Nd2 Kc5 50. Nf3 Kd6 51. Nh4 Ke6 52.
Kf3 Kf6 53. Ke3 Kg5 54. Nf3+ Kf5 55. Nh4+ Kg4 56. Ng6 e4 57. Nf4 h4 58. Nxd5 h3
59. Nf6+ 1/2-1/2

[Event "BPB Limburg open B"]
[Site "Maastricht"]
[Date "2015.05.23"]
[Round "2"]
[White "Orbons, Richard"]
[Black "Schilperoort, Jeroen"]
[Result "0-1"]
[WhiteElo "1578"]
[BlackElo "1940"]
[PlyCount "72"]
[EventDate "2015.05.22"]
[EventType "swiss"]
[EventRounds "7"]
[EventCountry "NED"]
[Source "P.Boonen"]
[SourceDate "2015.10.01"]

1. Nf3 Nc6 2. g3 d6 3. Bg2 g6 4. O-O Bg7 5. d3 f5 6. Nc3 Nf6 7. e4 fxe4 8. dxe4
O-O 9. h3 Kh8 10. Be3 Nd7 11. Qe2 Nb6 12. Rfd1 Be6 13. Nd4 Bc4 14. Qd2 Nxd4 15.
Bxd4 e5 16. Be3 Qf6 17. a4 Be6 18. b3 Qf7 19. a5 Nc8 20. a6 b6 21. Nd5 c6 22.
Nb4 Qd7 23. Kh2 Bf6 24. Bh6 Rd8 25. c4 Ne7 26. Rac1 c5 27. Nc2 Nc6 28. Ne3 Nd4
29. Rc3 Rab8 30. Nd5 Bxd5 31. exd5 b5 32. Be3 bxc4 33. bxc4 Rb6 34. Be4 Rdb8
35. Kg2 Rb2 36. Qc1 Ne2 0-1

[Event "BPB Limburg open B"]
[Site "Maastricht"]
[Date "2015.05.23"]
[Round "2"]
[White "Peeters, Joep"]
[Black "Dietz, Jonas"]
[Result "1/2-1/2"]
[WhiteElo "1782"]
[BlackElo "1744"]
[PlyCount "97"]
[EventDate "2015.05.22"]
[EventType "swiss"]
[EventRounds "7"]
[EventCountry "NED"]
[Source "P.Boonen"]
[SourceDate "2015.10.01"]

1. e4 e6 2. d4 d5 3. Nc3 Bb4 4. e5 c5 5. a3 Bxc3+ 6. bxc3 Ne7 7. a4 Qc7 8. Nf3
Nbc6 9. Be2 cxd4 10. cxd4 Nb4 11. Bd3 Qc3+ 12. Bd2 Nxd3+ 13. cxd3 Qxd3 14. Rb1
b6 15. Rb3 Qa6 16. Rc3 Bd7 17. a5 Nc6 18. axb6 axb6 19. Qe2 O-O 20. Qxa6 Rxa6
21. O-O b5 22. Rb1 Rb8 23. Rc5 Rab6 24. Kf1 h6 25. Ke2 Kf8 26. Ke3 b4 27. Ne1
Ke8 28. Nd3 b3 29. Rc3 Na5 30. Nb2 Bb5 31. Rc7 Nc4+ 32. Nxc4 dxc4 33. Bc3 R6b7
34. Rxb7 Rxb7 35. Ra1 Bc6 36. g3 Bd5 37. f4 Kd7 38. Kd2 Be4 39. Bb2 Kc6 40. Kc3
Bd3 41. Ra5 g6 42. Bc1 Kb6 43. Ra4 Kb5 44. Rb4+ Kc6 45. Rxb7 Kxb7 46. Bb2 Kc6
47. Kd2 Kb5 48. Kc3 Ka4 49. Bc1 1/2-1/2

[Event "BPB Limburg open B"]
[Site "Maastricht"]
[Date "2015.05.23"]
[Round "2"]
[White "Persoons, Bart"]
[Black "De Coninck, Erik"]
[Result "0-1"]
[WhiteElo "1759"]
[BlackElo "1827"]
[PlyCount "80"]
[EventDate "2015.05.22"]
[EventType "swiss"]
[EventRounds "7"]
[EventCountry "NED"]
[Source "P.Boonen"]
[SourceDate "2015.10.01"]

1. d4 c5 2. d5 b5 3. c4 bxc4 4. e4 d6 5. Bxc4 Nf6 6. f3 g6 7. Ne2 Bg7 8. O-O
O-O 9. a4 Ba6 10. Na3 Nfd7 11. Nc3 Bxc4 12. Nxc4 Na6 13. Qe2 Nb4 14. Kh1 Ne5
15. Nxe5 Bxe5 16. Bh6 Bg7 17. Bxg7 Kxg7 18. Rad1 Qb6 19. f4 Qa6 20. Qxa6 Nxa6
21. e5 Nc7 22. exd6 exd6 23. Ne4 Rfd8 24. f5 Rab8 25. fxg6 fxg6 26. Ng5 Rf8 27.
Rfe1 Rfe8 28. Ne6+ Nxe6 29. Rxe6 Rxe6 30. dxe6 Rxb2 31. Kg1 Re2 32. Rxd6 Kf6
33. Rc6 Ra2 34. e7+ Kxe7 35. Rc7+ Kd6 36. Rxa7 c4 37. Ra8 c3 38. Rd8+ Kc5 39.
Rd1 Rd2 40. Rc1 c2 0-1

[Event "BPB Limburg open B"]
[Site "Maastricht"]
[Date "2015.05.23"]
[Round "2"]
[White "Pijlman, Rene"]
[Black "Daamen, Roland"]
[Result "0-1"]
[WhiteElo "1956"]
[BlackElo "2028"]
[PlyCount "82"]
[EventDate "2015.05.22"]
[EventType "swiss"]
[EventRounds "7"]
[EventCountry "NED"]
[Source "P.Boonen"]
[SourceDate "2015.10.01"]

1. e4 c5 2. Nf3 d6 3. d4 cxd4 4. Nxd4 Nf6 5. Nc3 a6 6. Be2 e5 7. Nb3 Be7 8. O-O
O-O 9. Be3 Be6 10. f4 exf4 11. Rxf4 Nc6 12. a4 d5 13. exd5 Nxd5 14. Nxd5 Qxd5
15. Qxd5 Bxd5 16. Rf2 Bf6 17. Nc5 Rfe8 18. c4 Be4 19. Nxe4 Rxe4 20. Bb6 Rae8
21. Kf1 Bxb2 22. Rd1 Bc3 23. g3 g6 24. Bf3 Re1+ 25. Rxe1 Rxe1+ 26. Kg2 Kg7 27.
Bd5 f5 28. Rc2 Bb4 29. Ra2 a5 30. Kf2 Kf6 31. Kg2 g5 32. Bf2 Re8 33. Bb6 h6 34.
Bf2 f4 35. Bb6 Kf5 36. gxf4 gxf4 37. Kf2 Re7 38. Kg2 Ne5 39. Kf1 f3 40. Bf2 Ng4
41. Bd4 Re1# 0-1

[Event "BPB Limburg open B"]
[Site "Maastricht"]
[Date "2015.05.23"]
[Round "2"]
[White "Plug, Arjan"]
[Black "Tutenel, Erik"]
[Result "0-1"]
[WhiteElo "1876"]
[BlackElo "1853"]
[PlyCount "118"]
[EventDate "2015.05.22"]
[EventType "swiss"]
[EventRounds "7"]
[EventCountry "NED"]
[Source "P.Boonen"]
[SourceDate "2015.10.01"]

1. e4 e5 2. d4 exd4 3. Qxd4 Nc6 4. Qe3 Nf6 5. Nc3 Bb4 6. Bd2 O-O 7. O-O-O Re8
8. Qg3 Rxe4 9. a3 Bd6 10. f4 Re8 11. Bd3 Bf8 12. h4 d5 13. h5 Ne7 14. Nf3 Nf5
15. Bxf5 Bxf5 16. Qg5 Bg4 17. h6 g6 18. Rde1 Rxe1+ 19. Rxe1 c6 20. Ne5 Be6 21.
f5 Bxf5 22. Rf1 Ne4 23. Nxe4 Bxe4 24. Qf4 f5 25. g4 Qc7 26. gxf5 Bxf5 27. Rg1
Be4 28. Bc3 Bd6 29. Qf6 Qe7 30. Qh8+ Kxh8 31. Nxg6+ Kg8 32. Nxe7+ Kf7 33. Rg7+
Ke6 34. Ng8 Rf8 35. Rg4 Rf2 36. Kb1 Bxc2+ 37. Ka2 Be4 38. Rg7 Rf7 39. Rg1 c5
40. Bh8 Be5 41. Rg7 Rxg7 42. hxg7 Bxg7 43. Bxg7 Kf7 44. Bh6 Kxg8 45. Kb3 Kf7
46. Kc3 Kg6 47. Bf8 b6 48. b4 cxb4+ 49. axb4 a6 50. b5 axb5 51. Bd6 h5 52. Kd4
Kf5 53. Bc7 h4 54. Ke3 Kg4 55. Kf2 h3 56. Kg1 Kf3 57. Bxb6 Ke2 58. Kh2 Bf5 59.
Kg3 b4 0-1

[Event "BPB Limburg open B"]
[Site "Maastricht"]
[Date "2015.05.23"]
[Round "2"]
[White "Reichardt, Monica"]
[Black "Fortenbacher, Florian"]
[Result "1/2-1/2"]
[WhiteElo "1860"]
[BlackElo "1678"]
[PlyCount "59"]
[EventDate "2015.05.22"]
[EventType "swiss"]
[EventRounds "7"]
[EventCountry "NED"]
[Source "P.Boonen"]
[SourceDate "2015.10.01"]

1. e4 e5 2. Nc3 Nc6 3. Bc4 Nf6 4. d3 d6 5. f4 Be6 6. Bb3 Be7 7. Nf3 O-O 8. O-O
exf4 9. Bxf4 Bg4 10. Ne2 Qd7 11. Qd2 Rae8 12. c3 Kh8 13. Ng3 Nh5 14. Ng5 Bxg5
15. Nxh5 Bxh5 16. Bxg5 f6 17. Be3 a6 18. Qf2 Ne5 19. Qd2 Qg4 20. Bd1 Qg6 21.
Bxh5 Qxh5 22. Rf5 Qg6 23. Raf1 Qf7 24. b3 Ng6 25. Qf2 Kg8 26. Qg3 Ne7 27. R5f3
Ng6 28. Rf5 Ne7 29. R5f3 Ng6 30. Rf5 1/2-1/2

[Event "BPB Limburg open B"]
[Site "Maastricht"]
[Date "2015.05.23"]
[Round "2"]
[White "Reichardt, Robin"]
[Black "Karstens, Lex"]
[Result "1-0"]
[WhiteElo "1707"]
[BlackElo "1852"]
[PlyCount "68"]
[EventDate "2015.05.22"]
[EventType "swiss"]
[EventRounds "7"]
[EventCountry "NED"]
[Source "P.Boonen"]
[SourceDate "2015.10.01"]

1. d4 Nf6 2. Nf3 b5 3. Bf4 Bb7 4. e3 a6 5. b3 e6 6. c4 Bb4+ 7. Nbd2 Ne4 8. Qc2
g5 9. Bg3 g4 10. Bh4 Bxd2+ 11. Nxd2 Qxh4 12. Nxe4 g3 13. Nxg3 b4 14. f3 Rg8 15.
Qf2 a5 16. Bd3 f5 17. Ne2 Qf6 18. Bc2 Nc6 19. Rd1 Ne7 20. Nf4 O-O-O 21. Nd3 d6
22. c5 Nd5 23. cxd6 cxd6 24. Rc1 Nc3 25. Bb1 Kd7 26. a3 Ba6 27. Nf4 Rc8 28. Kd2
Rc7 29. axb4 axb4 30. Bd3 Bxd3 31. Nxd3 Rgc8 32. Nxb4 Nb1+ 33. Rxb1 Rb8 34. Nd3
Rbc8 {.....} 1-0

[Event "BPB Limburg open B"]
[Site "Maastricht"]
[Date "2015.05.23"]
[Round "2"]
[White "Rietveld, Leo"]
[Black "Senders, Justin"]
[Result "1/2-1/2"]
[WhiteElo "1998"]
[BlackElo "1986"]
[PlyCount "27"]
[EventDate "2015.05.22"]
[EventType "swiss"]
[EventRounds "7"]
[EventCountry "NED"]
[Source "P.Boonen"]
[SourceDate "2015.10.01"]

1. e4 Nf6 2. Nc3 d5 3. e5 Nfd7 4. d4 e6 5. f4 c5 6. Nf3 Nc6 7. Be3 Be7 8. Qd2
O-O 9. Be2 a6 10. Nd1 cxd4 11. Nxd4 Nc5 12. Bf3 Bd7 13. O-O Qc7 14. c3 1/2-1/2

[Event "BPB Limburg open B"]
[Site "Maastricht"]
[Date "2015.05.23"]
[Round "2"]
[White "Roufs, Gerard"]
[Black "Erikstad, Olav"]
[Result "1-0"]
[WhiteElo "1986"]
[BlackElo "1853"]
[PlyCount "79"]
[EventDate "2015.05.22"]
[EventType "swiss"]
[EventRounds "7"]
[EventCountry "NED"]
[Source "P.Boonen"]
[SourceDate "2015.10.01"]

1. d4 c6 2. c4 d5 3. Nc3 Nf6 4. e3 e6 5. b3 Bb4 6. Bb2 Bxc3+ 7. Bxc3 Ne4 8. Qc2
a5 9. Nf3 Na6 10. Bd3 Nxc3 11. Qxc3 Nb4 12. Be2 Qb6 13. O-O O-O 14. a3 Na6 15.
c5 Qc7 16. b4 b6 17. cxb6 axb4 18. bxc7 bxc3 19. Rfc1 Nxc7 20. Rxc3 Nb5 21.
Rxc6 Rxa3 22. Rxa3 Nxa3 23. Rc3 Nb1 24. Rb3 e5 25. Rxb1 exd4 26. Nxd4 f5 27.
Bf3 f4 28. Bxd5+ Kh8 29. Ne6 Bxe6 30. Bxe6 fxe3 31. fxe3 g5 32. e4 h5 33. Rf1
Re8 34. Bd5 g4 35. Rf5 h4 36. Rh5+ Kg7 37. Rxh4 g3 38. Rg4+ Kh8 39. Rxg3 Rf8
40. Rg8+ 1-0

[Event "BPB Limburg open B"]
[Site "Maastricht"]
[Date "2015.05.23"]
[Round "2"]
[White "Rutten, David"]
[Black "De Boer, Bas"]
[Result "1-0"]
[WhiteElo "1826"]
[BlackElo "1763"]
[PlyCount "105"]
[EventDate "2015.05.22"]
[EventType "swiss"]
[EventRounds "7"]
[EventCountry "NED"]
[Source "P.Boonen"]
[SourceDate "2015.10.01"]

1. d4 d5 2. Nf3 Nf6 3. e3 c6 4. c4 Bf5 5. Nc3 e6 6. Nh4 Bg6 7. Nxg6 hxg6 8. Bd2
Nbd7 9. g3 dxc4 10. Bxc4 Nb6 11. Be2 Bb4 12. O-O Qc7 13. Rc1 Bxc3 14. bxc3
O-O-O 15. a4 Rh3 16. Kg2 Rdh8 17. Rh1 Ne4 18. Bf3 Nxf2 19. Kxf2 Rxh2+ 20. Rxh2
Rxh2+ 21. Bg2 Nc4 22. Qe2 Nd6 23. e4 f5 24. exf5 exf5 25. Qe6+ Qd7 26. Qxd7+
Kxd7 27. Kg1 Rh8 28. Re1 Nf7 29. Bf1 Nh6 30. Bg5 Re8 31. Rxe8 Kxe8 32. Bc4 Nf7
33. Bxf7+ Kxf7 34. Kf2 Ke6 35. Ke3 Kd5 36. Kd3 b5 37. a5 a6 38. Be3 Ke6 39. c4
Kf6 40. Bf4 g5 41. Be5+ Kf7 42. cxb5 cxb5 43. d5 g6 44. Kd4 Ke7 45. Kc5 Kd7 46.
d6 f4 47. g4 f3 48. Bg3 Kd8 49. Bf2 Kd7 50. Bg3 Kd8 51. Kc6 b4 52. d7 b3 53.
Bc7+ 1-0

[Event "BPB Limburg open B"]
[Site "Maastricht"]
[Date "2015.05.23"]
[Round "2"]
[White "Schleipfenbauer, Bent"]
[Black "Hoefken, Tom"]
[Result "0-1"]
[WhiteElo "2030"]
[BlackElo "1878"]
[PlyCount "93"]
[EventDate "2015.05.22"]
[EventType "swiss"]
[EventRounds "7"]
[EventCountry "NED"]
[Source "P.Boonen"]
[SourceDate "2015.10.01"]

1. c4 c5 2. Nc3 Nc6 3. g3 g6 4. Bg2 Bg7 5. Nf3 e5 6. O-O Nge7 7. d3 O-O 8. Bg5
f6 9. Be3 d6 10. a3 f5 11. Rb1 a5 12. Qc1 Be6 13. Ng5 Bc8 14. f4 h6 15. Nf3
exf4 16. Bxf4 g5 17. Nxg5 hxg5 18. Bxg5 Qe8 19. Nb5 Nd4 20. Nxd6 Nxe2+ 21. Kh1
Nxc1 22. Nxe8 Rxe8 23. Rbxc1 Nc6 24. Bd5+ Kh7 25. Rc2 Bd7 26. g4 fxg4 27. Rff2
Ne5 28. Be4+ Kg8 29. Rf1 Bc6 30. Rg1 Bxe4+ 31. dxe4 Nf3 32. Rxg4 Nxg5 33. Rxg5
Rxe4 34. Rxc5 Bd4 35. Rc7 b6 36. Rd7 Rae8 37. Rg2+ Kf8 38. Rg3 Re1+ 39. Kg2
Rg1+ 40. Kh3 Rxg3+ 41. hxg3 Bxb2 42. Kg4 Bxa3 43. Kf4 Re7 44. Rd8+ Kg7 45. g4
Rf7+ 46. Kg3 Bc5 47. Ra8 0-1

[Event "BPB Limburg open B"]
[Site "Maastricht"]
[Date "2015.05.23"]
[Round "2"]
[White "Schubert, Karl"]
[Black "Bishoen, B."]
[Result "1/2-1/2"]
[WhiteElo "1952"]
[BlackElo "1932"]
[PlyCount "120"]
[EventDate "2015.05.22"]
[EventType "swiss"]
[EventRounds "7"]
[EventCountry "NED"]
[Source "P.Boonen"]
[SourceDate "2015.10.01"]

1. d4 d5 2. Nf3 e6 3. g3 Nf6 4. Bg2 c5 5. O-O Nc6 6. b3 Be7 7. Bb2 O-O 8. Nbd2
b6 9. c4 a6 10. a3 Ra7 11. Ne5 Bb7 12. e3 Qa8 13. Rc1 Nxe5 14. dxe5 Ne4 15.
Nxe4 dxe4 16. Qe2 Rd8 17. Rfd1 Bc6 18. Rxd8+ Qxd8 19. Qc2 Rd7 20. Bc3 h6 21. h4
Rd3 22. Bf1 Rd7 23. Be2 g6 24. Kg2 h5 25. b4 Kf8 26. Rb1 Ke8 27. b5 axb5 28.
cxb5 Bd5 29. a4 Qa8 30. Ra1 Bd8 31. Be1 Ra7 32. a5 Bc7 33. Qb2 Qb8 34. axb6
Bxb6 35. Ra6 Qc7 36. Bc3 Kd8 37. Qd2 Kc8 38. g4 hxg4 39. Bxg4 Rxa6 40. bxa6 Kb8
41. Be2 c4 42. Qb2 Ka7 43. Qa3 Qc5 44. Qa4 Qc8 45. h5 gxh5 46. Bxh5 Qxa6 47.
Qd7+ Qb7 48. Qxf7 Qxf7 49. Bxf7 Ka6 50. Kf1 Ba5 51. Bxa5 Kxa5 52. Ke1 Kb4 53.
Kd2 c3+ 54. Kc1 Bb3 55. Bg6 Bd5 56. Kc2 Bc6 57. Bf7 Bd5 58. Bg6 Bb3+ 59. Kc1
Bd5 60. Kc2 Bb3+ 1/2-1/2

[Event "BPB Limburg open B"]
[Site "Maastricht"]
[Date "2015.05.23"]
[Round "2"]
[White "Sofic, Narcis"]
[Black "Blijlevens, Pim"]
[Result "1/2-1/2"]
[WhiteElo "1941"]
[BlackElo "1943"]
[PlyCount "49"]
[EventDate "2015.05.22"]
[EventType "swiss"]
[EventRounds "7"]
[EventCountry "NED"]
[Source "P.Boonen"]
[SourceDate "2015.10.01"]

1. g3 f5 2. Bg2 Nf6 3. e3 e5 4. d4 Nc6 5. Ne2 exd4 6. Nxd4 Nxd4 7. Qxd4 Be7 8.
c4 O-O 9. Nc3 c6 10. O-O Qc7 11. a3 d6 12. b4 Be6 13. Bb2 Rfd8 14. Rfc1 Bf8 15.
Ne2 Qd7 16. Qf4 Qf7 17. Nd4 g6 18. Nxe6 Qxe6 19. Bd4 Ne4 20. Bxe4 Qxe4 21. Qxe4
fxe4 22. Rd1 Kf7 23. Rd2 Ke6 24. Rad1 Be7 25. Kg2 1/2-1/2

[Event "BPB Limburg open B"]
[Site "Maastricht"]
[Date "2015.05.23"]
[Round "2"]
[White "Stuch, Hans Ferdinand"]
[Black "Ibrahim, Ashraf"]
[Result "1/2-1/2"]
[WhiteElo "1767"]
[BlackElo "1824"]
[PlyCount "83"]
[EventDate "2015.05.22"]
[EventType "swiss"]
[EventRounds "7"]
[EventCountry "NED"]
[Source "P.Boonen"]
[SourceDate "2015.10.01"]

1. Nf3 d5 2. d4 Nf6 3. e3 Bg4 4. c4 e6 5. Qb3 Qc8 6. Ne5 Bf5 7. Nc3 c6 8. Bd2
Nbd7 9. Rc1 Nxe5 10. dxe5 Ne4 11. cxd5 Nxd2 12. Kxd2 exd5 13. e4 Be7 14. f4
dxe4 15. Bc4 Qd7+ 16. Ke1 O-O 17. Rd1 Qc7 18. Be2 b5 19. Qc2 f6 20. g4 Bc8 21.
Qxe4 fxe5 22. Bd3 g6 23. f5 g5 24. Bxb5 cxb5 25. Qxa8 Bb7 26. Qxa7 Bc5 27. Nd5
Bxa7 28. Nxc7 Bxh1 29. Ne6 Rc8 30. Rd7 Be3 31. Ke2 Bc5 32. f6 Bf8 33. Nxg5 Bd5
34. Rxh7 Rc2+ 35. Kd1 Rxb2 36. f7+ Bxf7 37. Rxf7 Rxh2 38. Rf5 Rh1+ 39. Kc2 Rh2+
40. Kb3 Rg2 41. Ne6 Rg3+ 42. Kc2 1/2-1/2

[Event "BPB Limburg open B"]
[Site "Maastricht"]
[Date "2015.05.23"]
[Round "2"]
[White "Toll, Maarten"]
[Black "Bosboom, Ardin"]
[Result "0-1"]
[WhiteElo "1886"]
[BlackElo "1839"]
[PlyCount "98"]
[EventDate "2015.05.22"]
[EventType "swiss"]
[EventRounds "7"]
[EventCountry "NED"]
[Source "P.Boonen"]
[SourceDate "2015.10.01"]

1. d4 g6 2. Nf3 Bg7 3. Bf4 d6 4. Nbd2 Nd7 5. e4 a6 6. c3 b6 7. Bd3 Bb7 8. h4 h5
9. Qc2 c5 10. e5 dxe5 11. dxe5 Nf8 12. O-O-O Qc7 13. Rhe1 Ne6 14. Bg3 O-O-O 15.
Be4 Bxe4 16. Nxe4 Bh6+ 17. Kb1 Bf4 18. Rxd8+ Qxd8 19. Rd1 Qe8 20. Qd3 Kb7 21.
Neg5 Nxg5 22. Nxg5 Bxg5 23. Qf3+ Ka7 24. hxg5 e6 25. Rd6 Ne7 26. Qd3 Nd5 27. c4
Nc7 28. Rd7 Kb7 29. Qf3+ Kc8 30. Rxf7 h4 31. Bxh4 Qd8 32. g3 Qd4 33. Rf4 Qxe5
34. a3 Rd8 35. Re4 Qf5 36. Qe2 Rd4 37. f3 Rxe4 38. fxe4 Qe5 39. g4 Ne8 40. Qe3
Nd6 41. Qf2 Qxe4+ 42. Ka1 Nxc4 43. Qf8+ Kd7 44. Qf7+ Kc6 45. Qe8+ Kd5 46. Qa8+
Kd4 47. Bf2+ Kd3 48. Qd8+ Kc2 49. Qh8 Qf3 0-1

[Event "BPB Limburg open B"]
[Site "Maastricht"]
[Date "2015.05.23"]
[Round "2"]
[White "Van Dongen, Eric"]
[Black "Wuijts, Johan"]
[Result "1/2-1/2"]
[WhiteElo "1813"]
[BlackElo "1782"]
[PlyCount "59"]
[EventDate "2015.05.22"]
[EventType "swiss"]
[EventRounds "7"]
[EventCountry "NED"]
[Source "P.Boonen"]
[SourceDate "2015.10.01"]

1. c4 e6 2. Nc3 f5 3. d4 Nf6 4. Nf3 Be7 5. Bf4 d6 6. h3 Ne4 7. Qc2 Nxc3 8. Qxc3
Bf6 9. Qc2 Nc6 10. Rd1 Qe7 11. d5 Ne5 12. Bxe5 dxe5 13. Nd2 e4 14. e3 Bd7 15.
Be2 O-O 16. dxe6 Bxe6 17. O-O Rad8 18. b3 Kh8 19. Nb1 Be5 20. Rxd8 Rxd8 21. g3
g5 22. Kg2 Qc5 23. Rd1 Rf8 24. Nc3 c6 25. g4 Bc7 26. Qd2 Rd8 27. Qb2 Rxd1 28.
Nxd1+ Qe5 29. Qxe5+ Bxe5 30. f3 1/2-1/2

[Event "BPB Limburg open B"]
[Site "Maastricht"]
[Date "2015.05.23"]
[Round "2"]
[White "Van Foreest, Pieter"]
[Black "Van den Berg, Jaap"]
[Result "0-1"]
[WhiteElo "1825"]
[BlackElo "1858"]
[PlyCount "62"]
[EventDate "2015.05.22"]
[EventType "swiss"]
[EventRounds "7"]
[EventCountry "NED"]
[Source "P.Boonen"]
[SourceDate "2015.10.01"]

1. e4 c5 2. Nf3 Nc6 3. d4 cxd4 4. Nxd4 Nf6 5. Nc3 a6 6. Be3 e6 7. f3 Be7 8. Qd2
O-O 9. Be2 Qc7 10. g4 b5 11. g5 Ne8 12. f4 b4 13. Nd1 f5 14. exf5 exf5 15. Bc4+
Kh8 16. Nxc6 dxc6 17. h4 Nd6 18. Bb3 Ne4 19. Qg2 c5 20. Bc4 Bb7 21. Qg1 Nd6 22.
Be6 Bxh1 23. Qxh1 Ne4 24. h5 Bxg5 25. fxg5 Qg3+ 26. Kf1 Qg4 27. Nf2 Nxf2 28.
Kxf2 Rae8 29. Rg1 Qe4 30. g6 Qxe6 31. Qh3 f4 0-1

[Event "BPB Limburg open B"]
[Site "Maastricht"]
[Date "2015.05.23"]
[Round "2"]
[White "Van Ginneken, Jos"]
[Black "Jensen, Johnny"]
[Result "1/2-1/2"]
[WhiteElo "1678"]
[BlackElo "1853"]
[PlyCount "63"]
[EventDate "2015.05.22"]
[EventType "swiss"]
[EventRounds "7"]
[EventCountry "NED"]
[Source "P.Boonen"]
[SourceDate "2015.10.01"]

1. e4 e5 2. Nf3 Nc6 3. Bc4 Nf6 4. Nc3 Nxe4 5. Nxe4 d5 6. Bd3 dxe4 7. Bxe4 Bd7
8. O-O Bd6 9. d4 exd4 10. Bg5 Qc8 11. Bxc6 bxc6 12. Re1+ Kf8 13. Qxd4 h6 14.
Bh4 c5 15. Qe3 Be6 16. Ne5 Bxe5 17. Qxe5 c4 18. Rad1 Qb7 19. Qc5+ Kg8 20. b3
Kh7 21. f4 Bg4 22. Rd2 cxb3 23. cxb3 Rhe8 24. Qc2+ Kg8 25. h3 Qb6+ 26. Kh2 Rxe1
27. Bxe1 Qe6 28. Bg3 Bf5 29. Qxc7 Rc8 30. Qe5 Qxe5 31. fxe5 Rc6 32. Kg1 1/2-1/2

[Event "BPB Limburg open B"]
[Site "Maastricht"]
[Date "2015.05.23"]
[Round "2"]
[White "Van Randtwijk, Mick"]
[Black "Visse, Bernard"]
[Result "0-1"]
[WhiteElo "1852"]
[BlackElo "1723"]
[PlyCount "130"]
[EventDate "2015.05.22"]
[EventType "swiss"]
[EventRounds "7"]
[EventCountry "NED"]
[Source "P.Boonen"]
[SourceDate "2015.10.01"]

1. e4 c5 2. Nf3 g6 3. d4 cxd4 4. Nxd4 Bg7 5. Nc3 Nc6 6. Be3 Nf6 7. Bc4 Ng4 8.
Nxc6 dxc6 9. Qxd8+ Kxd8 10. Bxf7 Nxe3 11. fxe3 e6 12. O-O Ke7 13. Rf3 Rf8 14.
Raf1 Bd7 15. h4 b6 16. g4 Rad8 17. g5 Be8 18. Bxe8 Rxf3 19. Rxf3 Kxe8 20. Rf2
Bxc3 21. bxc3 Rd1+ 22. Rf1 Rd7 23. Kg2 Ke7 24. e5 Rd5 25. Rf4 Rc5 26. Ra4 a5
27. Ra3 Rxe5 28. Kf3 Rc5 29. Rb3 b5 30. e4 Rc4 31. Ke3 Kd6 32. Kd3 Ke5 33. Rb1
Rxe4 34. Rh1 Rg4 35. Re1+ Kd6 36. Rh1 e5 37. Rh2 Kd5 38. Kd2 Ke6 39. Kd3 Kf5
40. Ke3 Rg3+ 41. Kd2 e4 42. Rf2+ Rf3 43. Rh2 Kf4 44. h5 Kxg5 45. hxg6 hxg6 46.
Rh8 Kg4 47. Rc8 Rf6 48. Ke3 Re6 49. Rd8 a4 50. c4 g5 51. cxb5 cxb5 52. Rd5 Rc6
53. Rxb5 Rxc2 54. Kxe4 Rxa2 55. Rb1 Kg3 56. Rb8 g4 57. Rg8 a3 58. Kf5 Rf2+ 59.
Kg5 a2 60. Ra8 Kh3 61. Ra3+ g3 62. Kh5 Kh2 63. Kg4 g2 64. Rh3+ Kg1 65. Ra3 Rf1
0-1

[Event "BPB Limburg open B"]
[Site "Maastricht"]
[Date "2015.05.23"]
[Round "2"]
[White "Van de Griend, Johan"]
[Black "Kaufung, Christian"]
[Result "1-0"]
[WhiteElo "1907"]
[BlackElo "1822"]
[PlyCount "29"]
[EventDate "2015.05.22"]
[EventType "swiss"]
[EventRounds "7"]
[EventCountry "NED"]
[Source "P.Boonen"]
[SourceDate "2015.10.01"]

1. e4 e5 2. Nf3 Nf6 3. d4 Nxe4 4. dxe5 Be7 5. Be3 d6 6. Bd3 Ng5 7. Bxg5 Bxg5 8.
exd6 cxd6 9. Bb5+ Bd7 10. Bxd7+ Kxd7 11. O-O Nc6 12. Qd5 f6 13. Nc3 Qb6 14.
Qf5+ Ke8 15. Qe6+ 1-0